Sustainable Development of Ecotourism in Bangladesh / (Record no. 77621)
[ view plain ]
| 000 -LEADER | |
|---|---|
| fixed length control field | 01087nam a2200277 a 4500 |
| 001 - CONTROL NUMBER | |
| control field | 77621 |
| 003 - CONTROL NUMBER IDENTIFIER | |
| rucl marc code | BD-RjUL |
| 005 - DATE AND TIME OF LATEST TRANSACTION | |
| control field | 20211209083013.0 |
| 008 - FIXED-LENGTH DATA ELEMENTS--GENERAL INFORMATION | |
| fixed length control field | 201210s2011 bg a|||| m||| 00| 0 eng d |
| 035 ## - SYSTEM CONTROL NUMBER | |
| System control number | (BD-RjUL)77847 |
| 040 ## - CATALOGING SOURCE | |
| Original cataloging agency | BD-RjUL |
| Language of cataloging | eng |
| Transcribing agency | BD-RjUL |
| Modifying agency | BD-RjUL |
| 041 ## - LANGUAGE CODE | |
| Language code of text/sound track or separate title | eng |
| 082 ## - DEWEY DECIMAL CLASSIFICATION NUMBER | |
| Classification number | 338.4791 |
| Author mark and year | AHS 2011 |
| Edition number | 23 |
| 100 ## - MAIN ENTRY--PERSONAL NAME | |
| Personal name | Ahmed, Feroz |
| 9 (RLIN) | 242483 |
| 245 10 - TITLE STATEMENT | |
| Title | Sustainable Development of Ecotourism in Bangladesh / |
| Statement of responsibility, etc. | Feroz Ahmed |
| Linkage | Supervisors : Md. Amanullah , A. K. M. Golam Rabbani Mondal |
| 260 ## - PUBLICATION, DISTRIBUTION, ETC. (IMPRINT) | |
| Place of publication, distribution, etc. | Rajshahi : |
| Name of publisher, distributor, etc. | Department of Marketing, Rajshahi University, |
| Date of publication, distribution, etc. | 2011 |
| 300 ## - PHYSICAL DESCRIPTION | |
| Pagination | [5], vii, 78 Leaves : |
| Illustrations | ill. ; |
| Size | 29 cm. |
| 502 ## - DISSERTATION NOTE | |
| Dissertation note | Thesis (M. Phil.) -- Department of Marketing, Rajshahi University, 2011 |
| 504 ## - BIBLIOGRAPHY, ETC. NOTE | |
| Bibliography, etc | Reference : Leaves 65 - 74 |
| 650 ## - SUBJECT ADDED ENTRY--TOPICAL TERM | |
| Topical term or geographic name as entry element | Tourism |
| 9 (RLIN) | 242484 |
| General subdivision | Environmental aspects |
| Geographic subdivision | Bangladesh |
| Topical term or geographic name as entry element | Ecotourism |
| Geographic subdivision | Bangladesh |
| 9 (RLIN) | 59079 |
| Topical term or geographic name as entry element | Sustainable Development |
| Geographic subdivision | Bangladesh |
| 9 (RLIN) | 242515 |
| 700 ## - ADDED ENTRY--PERSONAL NAME | |
| Personal name | Amanullah, Md. , Supervisor |
| Personal name | Mondal, A. K. M. Golam Rabbani, Jt. Supervisor |
| 942 ## - ADDED ENTRY ELEMENTS (KOHA) | |
| Source of classification or shelving scheme | Dewey Decimal Classification |
| Koha item type | Theses |
| Lost status | Source of classification or shelving scheme | Damaged status | Not for loan | Collection code | Permanent Location | Current Location | Shelving location | Date acquired | Source of acquisition | Total Checkouts | Full call number | Date last seen | Copy number | Koha item type |
|---|---|---|---|---|---|---|---|---|---|---|---|---|---|---|
| Dewey Decimal Classification | Not For Loan | Theses | Central Library, University of Rajshahi | Central Library, University of Rajshahi | Documentation Section | 11/11/2012 | Controller of Exam., RU | THE 338.4791 AHS 2011 | 10/12/2020 | C-1 | Theses |